00866nam a22002297a 450000500170000000800410001702000180005804000090007608200200008524501000010526000470020530000420025250000510029465000340034565000260037970000280040570000260043394000080045994200340046795201200050199900150062120230512222049.0180511t xxu||||| |||| 00| 0 eng d a9789086861057 cCSPC0 a636.20852bR86500aRuminant formula for the future : nutrition or pathology? :belevating performance and health / aNetherlands :bWageningen Academicc2009. a95 pages :bfigures, tables ;c24 cm. aIncludes Bibliographical references and Index.10aRuminantsvFeeding and feeds.10aRuminantsvNutrition.1 aSylvie Andrieueeditor1 aHelen Warreneeditor a123 cBOOKjCIR 636.20852 R865 2009 00104070aCSPCbCSPCcCIRd2023-05-12l0oCIR 636.20852 R865 2009p010323r2023-05-12 00:00:00t1w2023-05-12yBK c4365d4365